[Event "15th London Classic Open"]
[Site "London ENG"]
[Date "2025.11.27"]
[Round "1.42"]
[White "Efroimski, Marsel"]
[Black "Kudaibergen, Nurlykhan"]
[Result "1-0"]
[WhiteTitle "IM"]
[WhiteElo "2384"]
[BlackElo "2127"]
[WhiteFideId "2810964"]
[BlackFideId "13724665"]
[EventDate "2025.11.27"]

1. e4 e5 2. Nf3 Nc6 3. Bb5 a6 4. Ba4 Nf6 5. d3 b5 6. Bb3 Be7 7. O-O d6 8. a3 O-O
9. h3 Na5 10. Ba2 c5 11. Nc3 Nc6 12. Nd5 Rb8 13. c3 Re8 14. Ng5 Rf8 15. Nxe7+
Qxe7 16. f4 h6 17. Nf3 Rd8 18. Qe1 Be6 19. Bb1 a5 20. Be3 Kh8 21. Qf2 Nd7 22. f5
Bb3 23. g4 f6 24. h4 Qf7 25. g5 Qh5 26. g6 a4 27. Kh2 Ne7 28. Bc2 Bxc2 29. Qxc2
d5 30. Qf2 c4 31. d4 dxe4 32. Nd2 Nd5 33. Rae1 exd4 34. cxd4 Re8 35. Bf4 e3 36.
Bxb8 Rxb8 37. Qg3 Re8 38. Rf3 Kg8 39. Nf1 Re4 40. Qd6 Qxh4+ 41. Kg1 Rg4+ 42. Ng3
Nf4 43. Rexe3 Nf8 44. Qc7 Nh3+ 45. Kf1 Ng5 46. Re8 Qh3+ 47. Ke2 Qg2+ 48. Rf2 Qd5
49. Qxg7+ Kxg7 50. Nh5+ Kh8 51. Rxf8+ Qg8 52. Rxg8+ 1-0

[Event "15th London Classic Open"]
[Site "London ENG"]
[Date "2025.11.27"]
[Round "1.43"]
[White "Hng, Mei-En Emmanuelle"]
[Black "Bhagat Kush"]
[Result "0-1"]
[WhiteTitle "WFM"]
[BlackTitle "FM"]
[WhiteElo "2125"]
[BlackElo "2381"]
[WhiteFideId "5804566"]
[BlackFideId "46672940"]
[EventDate "2025.11.27"]

1. e4 c5 2. d4 cxd4 3. c3 Nf6 4. e5 Nd5 5. Qxd4 e6 6. Bd3 Nc6 7. Qe4 d6 8. exd6
Bxd6 9. Nf3 f5 10. Qe2 O-O 11. O-O Qe7 12. Rd1 Kh8 13. g3 Nf6 14. Bg5 e5 15. Bc4
e4 16. Nh4 Ne5 17. Nd2 h6 18. Bf4 Kh7 19. Bxe5 Bxe5 20. Bb3 Bc7 21. Bc2 Bd7 22.
Nb3 g5 23. Ng2 Rae8 24. Re1 Kh8 25. Rad1 f4 26. Qc4 Bg4 27. Rd2 e3 28. fxe3 f3
29. e4 fxg2 30. Rxg2 Bh3 31. Rge2 Ng4 32. Nd4 Ne5 33. Qb3 Bb6 34. Kh1 Bxd4 35.
cxd4 Qf6 36. Rg1 Ng4 37. e5 Qf1 0-1

[Event "15th London Classic Open"]
[Site "London ENG"]
[Date "2025.11.27"]
[Round "1.44"]
[White "Sammed Jaykumar, Shete"]
[Black "Hanache, Kai"]
[Result "1-0"]
[WhiteTitle "IM"]
[WhiteElo "2377"]
[BlackElo "2122"]
[WhiteFideId "5073421"]
[BlackFideId "490105"]
[EventDate "2025.11.27"]

1. Nf3 Nf6 2. c4 g6 3. Nc3 d5 4. cxd5 Nxd5 5. h4 Bg7 6. h5 Bf5 7. Qb3 Nb6 8. Ng5
e6 9. h6 Bf6 10. Nge4 Nc6 11. Nxf6+ Qxf6 12. e4 Nd4 13. Qd1 Qe5 14. d3 Nd5 15.
Ne2 Nb5 16. exd5 O-O-O 17. Be3 Rxd5 18. d4 Qd6 19. Qb3 e5 20. dxe5 Rxe5 21. a4
Be6 22. Qd1 Rd5 23. Qc1 Qb4+ 24. Bd2 Qb3 25. axb5 Rhd8 26. Bc3 Bf5 27. Rh4 Qxb5
28. Rd4 a6 29. Rxd5 Qxd5 30. Ra5 Qc6 31. Be5 Bc2 32. Nc3 Bf5 33. Qe3 b5 34. Qa7
Re8 35. f4 Re6 36. Rxa6 Kd7 1-0

[Event "15th London Classic Open"]
[Site "London ENG"]
[Date "2025.11.27"]
[Round "1.45"]
[White "Stone, Andrew M"]
[Black "Korshunov, Sergey And."]
[Result "0-1"]
[BlackTitle "FM"]
[WhiteElo "2122"]
[BlackElo "2377"]
[WhiteFideId "404985"]
[BlackFideId "34274715"]
[EventDate "2025.11.27"]

1. Nf3 Nf6 2. c4 e6 3. g3 d5 4. Bg2 dxc4 5. Qa4+ Bd7 6. Qxc4 c5 7. Ne5 Qc8 8.
Nxd7 Qxd7 9. Nc3 Nc6 10. O-O Rc8 11. d3 Be7 12. Rd1 Nd4 13. a4 O-O 14. Bg5 Ng4
15. Bxe7 Qxe7 16. Qa2 Rfd8 17. Rac1 h5 18. b3 h4 19. e3 hxg3 20. hxg3 Nf5 21.
Qe2 Nf6 22. Qf3 b6 23. Bh3 Nh6 24. e4 Nd7 25. Qf4 f6 26. Qe3 Ne5 27. f4 Nc6 28.
Ne2 Rd6 29. e5 fxe5 30. fxe5 Rd7 31. b4 Nxb4 32. d4 Nd5 33. Qb3 Rcd8 34. dxc5
bxc5 35. Nc3 Nf7 36. Ne4 Rc7 0-1

[Event "15th London Classic Open"]
[Site "London ENG"]
[Date "2025.11.27"]
[Round "1.46"]
[White "Flear, Glenn C"]
[Black "Figeac, Aurelien"]
[Result "1-0"]
[WhiteTitle "GM"]
[WhiteElo "2376"]
[BlackElo "2121"]
[WhiteFideId "400165"]
[BlackFideId "616818"]
[EventDate "2025.11.27"]

1. d4 d5 2. c4 e6 3. Nc3 Nf6 4. cxd5 exd5 5. Bg5 c6 6. e3 h6 7. Bh4 Be7 8. Qc2
O-O 9. Bd3 Ne8 10. Bg3 Nd6 11. Nf3 Be6 12. O-O Nd7 13. Ne5 Nf6 14. f4 Rc8 15. f5
Bd7 16. Qe2 Nde4 17. Bxe4 dxe4 18. Rad1 Qa5 19. Bh4 1-0

[Event "15th London Classic Open"]
[Site "London ENG"]
[Date "2025.11.27"]
[Round "1.47"]
[White "Rushbrooke, Remy"]
[Black "Kanyamarala, Tarun"]
[Result "0-1"]
[BlackTitle "IM"]
[WhiteElo "2119"]
[BlackElo "2376"]
[WhiteFideId "443590"]
[BlackFideId "45004714"]
[EventDate "2025.11.27"]

1. d4 Nf6 2. Nf3 e6 3. Bg5 h6 4. Bh4 b6 5. c3 Bb7 6. Nbd2 d6 7. e3 g5 8. Bg3 Nh5
9. Bd3 Bg7 10. a4 a6 11. Qe2 Nd7 12. Nc4 Qe7 13. e4 g4 14. Nfd2 Nxg3 15. hxg3 h5
16. Ne3 Qg5 17. d5 Ne5 18. a5 b5 19. O-O-O Nxd3+ 20. Qxd3 Bh6 21. e5 Qxe5 22.
dxe6 O-O-O 23. exf7 Bxe3 24. fxe3 Rdf8 25. Rdf1 Bxg2 26. Rf5 Qxg3 27. Ne4 Bxe4
28. Qxe4 Kb8 29. Qe7 h4 30. Kb1 h3 31. Rh5 Qf3 32. Rc1 Rxh5 33. Qxf8+ Kb7 34. c4
Qe4+ 35. Ka1 bxc4 36. b4 cxb3 37. Qe8 Re5 38. Qd7 Rxa5+ 39. Kb2 Qg2+ 40. Kxb3
Qa2+ 41. Kc3 0-1

[Event "15th London Classic Open"]
[Site "London ENG"]
[Date "2025.11.27"]
[Round "1.48"]
[White "Golding, Alex"]
[Black "Han, Qixiang"]
[Result "1-0"]
[WhiteTitle "IM"]
[WhiteElo "2370"]
[BlackElo "2104"]
[WhiteFideId "427241"]
[BlackFideId "496952"]
[EventDate "2025.11.27"]

1. g3 d5 2. Nf3 c6 3. Bg2 Bf5 4. d3 e6 5. Nbd2 h6 6. O-O Nf6 7. b3 Be7 8. Bb2
O-O 9. Re1 a5 10. a4 Bh7 11. e4 dxe4 12. dxe4 Na6 13. Qe2 Nb4 14. Red1 Qb6 15.
Nc4 Qa6 16. Nd4 e5 17. Nf5 Bxf5 18. exf5 e4 19. Bxe4 Rfe8 20. Bd3 Nxd3 21. Qxd3
Nd5 22. Qf3 Rad8 23. Qg4 Bf6 24. Bxf6 Nxf6 25. Qf3 Rxd1+ 26. Rxd1 b5 27. Ne3 Ne4
28. Rd4 Ng5 29. Qd1 Qb6 30. Kg2 Ne4 31. h4 c5 32. Rd3 c4 33. bxc4 bxc4 34. Rd4
c3 35. Qd3 Qc6 36. Qb5 Qc8 37. Qc4 Qb7 38. Qd5 Qe7 39. Qd7 Qe5 40. Ng4 Qb8 41.
Qd5 h5 42. Nh6+ gxh6 43. Rxe4 Rxe4 44. Qxe4 Qb4 45. Kf3 Qd6 46. Kg2 Qb4 47. Qe8+
Kg7 48. Qe5+ Kg8 49. Qf4 Kh7 50. Kf3 Qc5 51. Ke4 Qc4+ 52. Ke3 Qf1 53. f6 Kg6 54.
Kd4 Qd1+ 55. Kxc3 Qa1+ 56. Kd2 Qa2 57. f3 Qd5+ 58. Kc1 Qc5 59. g4 hxg4 60. fxg4
Qg1+ 61. Kd2 Qg2+ 62. Ke3 Qg1+ 63. Kd3 Qd1+ 64. Kc3 Qe1+ 65. Kb2 Kh7 66. h5 Qe2
67. Qf5+ Kg8 68. Qxa5 Qxg4 69. Qc5 Kh7 70. a5 Qa4 71. c4 Qd1 72. Qd5 Qe2+ 73.
Kb3 Qe3+ 74. Kb4 Qe1+ 75. Kb5 Qe8+ 76. Qc6 Qe5+ 77. Ka6 Qxh5 78. Qe4+ Kh8 79. c5 1-0

[Event "15th London Classic Open"]
[Site "London ENG"]
[Date "2025.11.27"]
[Round "1.49"]
[White "Khachatouri, Saro"]
[Black "Willems, Niels"]
[Result "0-1"]
[BlackTitle "FM"]
[WhiteElo "2100"]
[BlackElo "2368"]
[WhiteFideId "1638076"]
[BlackFideId "20695586"]
[EventDate "2025.11.27"]

1. Nf3 Nf6 2. g3 c5 3. Bg2 Nc6 4. O-O e5 5. d3 d5 6. e4 dxe4 7. dxe4 Qxd1 8.
Rxd1 Bg4 9. Na3 Be7 10. Nc4 Bxf3 11. Bxf3 Nd4 12. Bg2 Nxc2 13. Rb1 Nd7 14. Bh3
Rd8 15. f4 Nd4 16. Be3 exf4 17. gxf4 Nf6 18. Bg2 O-O 19. Na5 Rd7 20. e5 Ng4 21.
Bxd4 cxd4 22. Bh3 h5 23. Rbc1 d3 24. Bxg4 hxg4 25. Kf2 Rfd8 26. Nb3 f6 27. e6
Rd6 28. Rc3 b6 29. Nc1 d2 30. Nb3 f5 31. Re3 Bf6 32. e7 Re8 33. Ke2 Bxb2 34.
Rxd2 Rxd2+ 35. Kxd2 Bf6 0-1

[Event "15th London Classic Open"]
[Site "London ENG"]
[Date "2025.11.27"]
[Round "1.50"]
[White "Hebden, Mark L"]
[Black "Panda, Barnabas"]
[Result "1/2-1/2"]
[WhiteTitle "GM"]
[WhiteElo "2355"]
[BlackElo "2099"]
[WhiteFideId "400084"]
[BlackFideId "799556"]
[EventDate "2025.11.27"]

1. Nf3 Nf6 2. c4 e6 3. e3 d5 4. Nc3 Be7 5. b3 O-O 6. Bb2 c5 7. cxd5 Nxd5 8. Qc2
Nc6 9. Rd1 b6 10. Nxd5 Qxd5 11. Bc4 Qh5 12. O-O Bb7 13. Be2 Rfd8 14. d4 cxd4 15.
Nxd4 Nxd4 16. Rxd4 Qg6 17. Qxg6 hxg6 18. Rc1 Bc5 19. Rdd1 a5 20. h4 Rxd1+ 21.
Rxd1 Bd5 22. Bb5 Rc8 23. Rc1 Rd8 24. Kf1 Be7 25. g3 Bf3 26. Be2 Rd2 27. Rc8+ Bf8
28. Bxf3 Rxb2 29. Rb8 Rxa2 30. Bc6 Rc2 31. Rxb6 Kh7 32. Be4 Rb2 33. h5 a4 34.
hxg6+ fxg6 35. Rxe6 Rxb3 36. Rxg6 Rb4 37. Bc2 Kg8 38. Ra6 a3 39. Rxa3 Rb1+ 40.
Bxb1 Bxa3 41. Bg6 Kf8 42. g4 Bc1 43. Ke2 Ke7 44. g5 Ke6 45. f4 Bb2 46. Kf3 Bc1
47. e4 Bd2 48. Bh5 Bc1 49. e5 Bd2 50. Ke4 Ke7 51. g6 Bc1 52. Bd1 Bd2 53. Bb3 Kf8
54. f5 Bg5 55. f6 Bh4 56. Kf5 Be1 57. Bc2 Bc3 58. Ke6 Bb2 59. Bf5 Bc3 60. fxg7+
Kxg7 61. Kd6 Kf8 62. e6 Bb4+ 63. Kd7 Ba3 1/2-1/2

[Event "15th London Classic Open"]
[Site "London ENG"]
[Date "2025.11.27"]
[Round "1.51"]
[White "Pollack, Oscar"]
[Black "Li, Guohao"]
[Result "0-1"]
[WhiteElo "2099"]
[BlackElo "2348"]
[WhiteFideId "429414"]
[BlackFideId "8619999"]
[EventDate "2025.11.27"]

1. e4 c5 2. Nf3 d6 3. d4 cxd4 4. Nxd4 Nf6 5. Nc3 a6 6. Bg5 Nbd7 7. Qe2 e6 8. f4
Qc7 9. O-O-O Be7 10. g4 h6 11. Bxf6 Bxf6 12. Bg2 Nb6 13. Rhe1 O-O 14. h4 Bxh4
15. Rh1 Bg3 16. Qf3 Bxf4+ 17. Qxf4 e5 18. Qg3 exd4 19. Ne2 Qc4 20. Rxd4 Qxe2 21.
Bf1 Qxg4 22. Qh2 Qg5+ 23. Rd2 Bg4 24. Rg1 Rfe8 25. Bd3 d5 26. exd5 Nxd5 27. Qg2
Rad8 28. Kb1 Nf4 29. Qxb7 Nh3 0-1

[Event "15th London Classic Open"]
[Site "London ENG"]
[Date "2025.11.27"]
[Round "1.52"]
[White "Otsuka, Shou"]
[Black "Abhyuday, Santhosh"]
[Result "1-0"]
[WhiteTitle "FM"]
[BlackTitle "CM"]
[WhiteElo "2335"]
[BlackElo "2094"]
[WhiteFideId "7004702"]
[BlackFideId "25624849"]
[EventDate "2025.11.27"]

1. Nf3 d6 2. g3 e5 3. Bg2 Nc6 4. d3 g6 5. c4 Bg7 6. Nc3 Nge7 7. O-O O-O 8. Rb1
f5 9. Nd2 a5 10. a3 Nd4 11. e3 Ne6 12. b4 axb4 13. axb4 c6 14. Bb2 g5 15. Re1
Qe8 16. Na4 Rxa4 17. Qxa4 g4 18. b5 Qh5 19. bxc6 bxc6 20. Qa7 Ng6 21. Ba3 c5 22.
Rb8 Ng5 23. Qc7 Be6 24. Qxd6 e4 25. dxe4 Bc8 26. exf5 Ne5 27. f6 Bh6 28. Qxc5
Ne6 29. Qd5 1-0

[Event "15th London Classic Open"]
[Site "London ENG"]
[Date "2025.11.27"]
[Round "1.53"]
[White "Verbytski, Oleg"]
[Black "Langheinrich, Ferenc"]
[Result "1-0"]
[BlackTitle "IM"]
[WhiteElo "2092"]
[BlackElo "2334"]
[WhiteFideId "495506"]
[BlackFideId "4641973"]
[EventDate "2025.11.27"]

1. e4 g6 2. d4 Bg7 3. Nc3 d6 4. Be3 a6 5. Qd2 b5 6. O-O-O b4 7. Nce2 a5 8. h4 h5
9. Nh3 Bxh3 10. Rxh3 Nd7 11. Nf4 Qc8 12. Bc4 Nb6 13. Qd3 Nxc4 14. Qxc4 Qa6 15.
Qb3 Rb8 16. a4 Qc6 17. Rf3 Qxe4 18. Nd5 Nf6 19. Nxc7+ Kd7 20. Nb5 Qd5 21. Qd3
Rhc8 22. Kb1 Rc4 23. Re1 Rbc8 24. Re2 Ne4 25. Bg5 f5 26. Rfe3 Rxd4 27. Nxd4 Qxd4
28. Qb3 Be5 29. Rd3 Qc4 30. Qxc4 Rxc4 31. f3 Nxg5 32. Rxe5 Rxh4 33. Rxa5 Kc6 34.
Ra7 Rh1+ 35. Ka2 Re1 36. Kb3 Re2 37. Kxb4 Rxg2 38. Rxe7 h4 39. a5 Rxc2 40. Rc3+
Rxc3 41. bxc3 1-0

[Event "15th London Classic Open"]
[Site "London ENG"]
[Date "2025.11.27"]
[Round "1.54"]
[White "Negrean, Andrei"]
[Black "Hill, Alistair"]
[Result "1-0"]
[WhiteTitle "FM"]
[WhiteElo "2334"]
[BlackElo "2087"]
[WhiteFideId "1291513"]
[BlackFideId "432407"]
[EventDate "2025.11.27"]

1. Nf3 Nf6 2. c4 c5 3. Nc3 d5 4. cxd5 Nxd5 5. e3 e6 6. Nxd5 exd5 7. Bb5+ Bd7 8.
Bxd7+ Nxd7 9. Qb3 Nb6 10. Qc3 Rc8 11. O-O h5 12. d3 h4 13. h3 Rh5 14. e4 d4 15.
Qa5 Rc6 16. Qxa7 Qc8 17. Bf4 Nd7 18. Qa4 Be7 19. Bh2 g5 20. Nd2 Bd6 21. Bxd6
Rxd6 22. Nc4 Re6 23. e5 Kf8 24. Nd6 Qc7 25. Qa8+ Kg7 26. Ne8+ Rxe8 27. Qxe8 Nxe5
28. Rfe1 g4 29. Re4 gxh3 30. Rae1 h2+ 31. Kh1 Nxd3 32. Rg4+ Kf6 33. Re2 Nf4 34.
Re4 Nd3 35. Re2 Nf4 36. Re7 1-0

[Event "15th London Classic Open"]
[Site "London ENG"]
[Date "2025.11.27"]
[Round "1.55"]
[White "Hryshchenko, Kamila"]
[Black "Coicev, Matei-Andrei"]
[Result "0-1"]
[WhiteTitle "WFM"]
[BlackTitle "FM"]
[WhiteElo "2066"]
[BlackElo "2332"]
[WhiteFideId "14147491"]
[BlackFideId "1279688"]
[EventDate "2025.11.27"]

1. e4 e5 2. Nf3 Nc6 3. Bb5 a6 4. Ba4 Nf6 5. O-O Be7 6. Re1 b5 7. Bb3 d6 8. c3
O-O 9. h3 Na5 10. Bc2 c5 11. d4 Qc7 12. d5 Nc4 13. a4 Nb6 14. a5 Nc4 15. b4 cxb4
16. cxb4 Bd7 17. Bd3 g6 18. Ra2 Rac8 19. Bh6 Rfe8 20. Rc2 Qb7 21. g4 Rc7 22. Nh2
Rec8 23. Nf1 Qa7 24. Qf3 Qd4 25. Rec1 Ne8 26. Be2 Nf6 27. Be3 Qxe4 28. Qxe4 Nxe4
29. Nfd2 Nf6 30. Bb6 Nxd5 31. Bxc7 Nxb4 32. Nxc4 Nxc2 33. Nb6 Rxc7 34. Bd3 Be6
35. Rxc2 Rxc2 36. Bxc2 d5 37. Nc3 Bb4 38. Nbxd5 Bxa5 39. Kf1 Kf8 40. Be4 f5 41.
gxf5 gxf5 42. Bg2 e4 43. f3 b4 44. Ne3 bxc3 45. fxe4 f4 46. Nc2 Bb3 47. Na1 Ba4 0-1

[Event "15th London Classic Open"]
[Site "London ENG"]
[Date "2025.11.27"]
[Round "1.56"]
[White "Abdulla, Murad"]
[Black "Varney, Zoe"]
[Result "1-0"]
[WhiteTitle "FM"]
[BlackTitle "WFM"]
[WhiteElo "2324"]
[BlackElo "2062"]
[WhiteFideId "2403757"]
[BlackFideId "436135"]
[EventDate "2025.11.27"]

1. Nf3 d5 2. g3 e6 3. Bg2 Nf6 4. O-O Be7 5. d3 O-O 6. Nbd2 c5 7. e4 Nc6 8. e5
Nd7 9. Re1 b5 10. h4 Bb7 11. h5 h6 12. Nf1 Qb6 13. N1h2 Rfc8 14. Ng4 Kf8 15. c3
Ke8 16. Bf4 a5 17. c4 d4 18. Nd2 Nb4 19. Ne4 a4 20. a3 Nc6 21. b3 axb3 22. Qxb3
bxc4 23. Qxc4 Na5 24. Qc2 Bxe4 25. Bxe4 Rab8 26. Bd2 Qb3 27. Qc1 Nc6 28. f4 f5
29. exf6 Nxf6 30. Nxf6+ gxf6 31. f5 Ne5 32. Bf4 exf5 33. Bxe5 fxe4 34. Bxb8 Qxb8
35. Kh2 e3 36. Qd1 Qe5 37. Qg4 Rb8 38. Rab1 Kd8 39. Qg8+ 1-0

[Event "15th London Classic Open"]
[Site "London ENG"]
[Date "2025.11.27"]
[Round "1.57"]
[White "Sefton, Adam"]
[Black "Banerjee, Supratit"]
[Result "0-1"]
[BlackTitle "FM"]
[WhiteElo "2035"]
[BlackElo "2323"]
[WhiteFideId "343400965"]
[BlackFideId "2410079"]
[EventDate "2025.11.27"]

1. e4 c6 2. Nc3 d5 3. Nf3 Bg4 4. h3 Bxf3 5. Qxf3 e6 6. Be2 Bc5 7. O-O Nd7 8. Rd1
d4 9. Nb1 Ne7 10. d3 O-O 11. Qg3 f5 12. Nd2 Ng6 13. Nf3 f4 14. Qg5 Be7 15. Qg4
Rf6 16. h4 Nge5 17. Qh3 Nxf3+ 18. Bxf3 Ne5 19. Be2 Qd6 20. g3 f3 21. Bf1 h5 22.
Bf4 Raf8 23. Bxe5 Qxe5 24. c3 Rg6 25. cxd4 Qxd4 26. Qh2 Bd6 27. Kh1 Bc5 28. Rd2
e5 29. Rc1 Rd6 30. Rdc2 Bb6 31. a3 a5 32. Rd1 Qa4 33. Rdc1 Bd4 34. Bh3 Qb3 35.
Rd2 a4 36. Qg1 b5 37. Rcc2 Rff6 38. Kh2 Bb6 39. Qc1 Bd4 40. Bc8 Qf7 41. Rd1 Rd8
42. Bh3 Rfd6 43. Qg5 Rb8 44. Rdc1 Rb6 45. Bf5 g6 46. Bh3 Kg7 47. Qd2 Qc7 48. Qb4
Rf6 49. Qa5 c5 50. Kh1 Rb7 51. Qa8 Rf8 52. Qa6 Rf6 53. Qa8 Rc6 54. Qe8 Rb8 55.
Qd7+ Qxd7 56. Bxd7 Rd6 57. Bh3 b4 58. axb4 Rxb4 59. Rb1 Rdb6 60. Bd7 a3 61. b3
Rxb3 62. Rxb3 Rxb3 0-1

[Event "15th London Classic Open"]
[Site "London ENG"]
[Date "2025.11.27"]
[Round "1.58"]
[White "Wells, Peter K"]
[Black "Hariharan, Shambavi"]
[Result "1/2-1/2"]
[WhiteTitle "GM"]
[BlackTitle "WFM"]
[WhiteElo "2321"]
[BlackElo "1988"]
[WhiteFideId "400327"]
[BlackFideId "488160"]
[EventDate "2025.11.27"]

1. c4 e6 2. Nc3 d5 3. d4 Nf6 4. Bg5 Bb4 5. e3 h6 6. Bh4 Nbd7 7. cxd5 exd5 8. Bd3
c5 9. Ne2 cxd4 10. exd4 O-O 11. O-O Be7 12. Re1 Re8 13. Rc1 a6 14. Ng3 Nb6 15.
Nf5 Bxf5 16. Bxf5 g6 17. Bd3 Nh5 18. Rxe7 Rxe7 19. g3 Qd7 20. Bxe7 Qxe7 21. Qd2
Kg7 22. Re1 Qb4 23. Bf1 Nf6 24. a3 Qd6 25. Re5 Ng4 26. Re2 Nf6 27. Qe1 Kf8 28.
Bg2 Rd8 29. h4 h5 30. Qc1 Kg7 31. Qg5 Nc4 32. a4 Qb6 33. Nxd5 Nxd5 34. Bxd5 Qxd4
35. Bxc4 Qxc4 36. Qxd8 Qxe2 37. Qd4+ Kg8 38. Qd8+ Kg7 39. Qd4+ 1/2-1/2

[Event "15th London Classic Open"]
[Site "London ENG"]
[Date "2025.11.27"]
[Round "1.59"]
[White "Hagesather, Arne"]
[Black "Houska, Jovanka"]
[Result "0-1"]
[BlackTitle "IM"]
[WhiteElo "1975"]
[BlackElo "2320"]
[WhiteFideId "1502476"]
[BlackFideId "405094"]
[EventDate "2025.11.27"]

1. e4 c6 2. d4 g6 3. Nf3 Bg7 4. Nc3 d6 5. Be3 Nd7 6. Bc4 e6 7. d5 cxd5 8. exd5
e5 9. Nb5 Nb6 10. Qd3 Nf6 11. Qb3 O-O 12. Nxa7 Nxc4 13. Qxc4 Rxa7 14. Bxa7 Qa5+
15. b4 Qxa7 16. O-O e4 17. Nd4 Bd7 18. Rad1 Rc8 19. Qb3 b5 20. Rfe1 Rc4 21. Ne2
Qc7 22. h3 Rxc2 23. Rc1 Rc4 24. a4 Rxc1 25. Rxc1 bxa4 26. Qa3 Qb7 27. Nc3 e3 28.
fxe3 Nxd5 29. Ne4 Be5 30. b5 Qb6 31. Kf2 Nxe3 32. Nc5 Nf5 0-1

[Event "15th London Classic Open"]
[Site "London ENG"]
[Date "2025.11.28"]
[Round "2.1"]
[White "Praggnanandhaa, R"]
[Black "Gasanov, Eldar"]
[Result "1-0"]
[WhiteTitle "GM"]
[BlackTitle "GM"]
[WhiteElo "2768"]
[BlackElo "2447"]
[WhiteFideId "25059530"]
[BlackFideId "14104466"]
[EventDate "2025.11.27"]

1. d4 Nf6 2. c4 e6 3. Nc3 d5 4. cxd5 exd5 5. Bg5 Be7 6. e3 O-O 7. Bd3 Re8 8.
Nge2 Nbd7 9. O-O Nf8 10. Qc2 h6 11. Bh4 c6 12. a4 a5 13. f3 Ne6 14. Rad1 b6 15.
Kh1 Bb7 16. Bf5 Ng5 17. e4 g6 18. Bxg6 fxg6 19. e5 Kf7 20. Nf4 Rg8 21. exf6 Bxf6
22. Ne4 Be7 23. Nf2 Bd6 24. N4d3 Qd7 25. f4 Ne6 26. Ng4 Kg7 27. Bf6+ Kh7 28. f5
Nf8 29. Be5 Be7 30. fxg6+ Rxg6 31. Rf7+ Kg8 32. Nxh6+ 1-0

[Event "15th London Classic Open"]
[Site "London ENG"]
[Date "2025.11.28"]
[Round "2.2"]
[White "Roberson, Peter T"]
[Black "Ivic, Velimir"]
[Result "1/2-1/2"]
[WhiteTitle "IM"]
[BlackTitle "GM"]
[WhiteElo "2447"]
[BlackElo "2618"]
[WhiteFideId "412384"]
[BlackFideId "950122"]
[EventDate "2025.11.27"]

1. d4 Nf6 2. c4 e6 3. g3 c5 4. d5 exd5 5. cxd5 d6 6. a4 g6 7. Bg2 Bg7 8. Nf3 O-O
9. Nfd2 b6 10. O-O Nbd7 11. Na3 Ba6 12. Ra2 Qe7 13. Ndc4 Bxc4 14. Nxc4 Ne5 15.
b3 Rfe8 16. Re1 Nfd7 17. e4 Nxc4 18. bxc4 Bd4 19. Rae2 Ne5 20. Qb3 g5 21. Kh1 g4
22. f4 gxf3 23. Bxf3 a6 24. Rf1 b5 25. axb5 axb5 26. cxb5 Ra1 27. Bg2 Rea8 28.
Ree1 c4 29. Qd1 Nd3 30. Qg4+ Kh8 31. Be3 Bxe3 32. Rxa1 Rxa1 33. Qc8+ Kg7 34.
Rxa1 Nf2+ 35. Kg1 Ng4+ 36. Kh1 Nf2+ 37. Kg1 Nxe4+ 38. Kh1 Nf2+ 39. Kg1 Qe5 40.
Ra8 Ne4+ 41. Kh1 Nf2+ 42. Kg1 Nd3+ 1/2-1/2

[Event "15th London Classic Open"]
[Site "London ENG"]
[Date "2025.11.28"]
[Round "2.3"]
[White "Yuffa, Daniil"]
[Black "Aizenberg, Benny"]
[Result "1-0"]
[WhiteTitle "GM"]
[BlackTitle "IM"]
[WhiteElo "2618"]
[BlackElo "2444"]
[WhiteFideId "24131423"]
[BlackFideId "2821125"]
[EventDate "2025.11.27"]

1. Nf3 c5 2. c4 Nc6 3. Nc3 e5 4. g3 g6 5. Bg2 Bg7 6. d3 Nge7 7. h4 h6 8. h5 g5
9. Nxg5 hxg5 10. Bxg5 f6 11. h6 fxg5 12. hxg7 Rxh1+ 13. Bxh1 Kf7 14. e3 Kxg7 15.
Qh5 d6 16. Be4 Qh8 17. Qxg5+ Kf7 18. Bf3 Qg7 19. Qh5+ Qg6 20. Qh4 Kg7 21. Bh5
Qf6 22. Qxf6+ Kxf6 23. Ne4+ Kg7 24. Nxd6 b6 25. Nxc8 Rxc8 26. Bf3 Nf5 27. Kd2
Nd6 28. Rh1 Ne7 29. Ke2 Rb8 30. Rh5 Ng6 31. Bd5 b5 32. cxb5 Rxb5 33. b3 a5 34.
f4 exf4 35. gxf4 Ne7 36. Bc4 Nxc4 37. dxc4 Rb7 38. Rxc5 a4 39. Rb5 Rc7 40. Kd3
Rd7+ 41. Kc3 axb3 42. axb3 Rd1 43. b4 Kf7 44. Rh5 Ke6 45. b5 Nf5 46. b6 Rc1+ 47.
Kb4 Nd6 48. c5 Rb1+ 49. Kc3 Nb7 50. e4 Na5 51. Rh6+ Kd7 52. Rd6+ Ke8 53. f5 Rc1+
54. Kb4 Nb7 55. Rc6 Rb1+ 56. Kc3 Rc1+ 57. Kd4 Na5 58. Rc8+ Kd7 59. Rc7+ Kd8 60.
f6 Nb3+ 61. Kd5 Rd1+ 62. Ke5 Rf1 63. f7 Na5 64. Ke6 Nb3 65. Rd7+ Kc8 66. Rd5 Rf4
67. Rf5 1-0

[Event "15th London Classic Open"]
[Site "London ENG"]
[Date "2025.11.28"]
[Round "2.4"]
[White "Pranav, Anand"]
[Black "Tica, Sven"]
[Result "1-0"]
[WhiteTitle "GM"]
[BlackTitle "IM"]
[WhiteElo "2581"]
[BlackElo "2441"]
[WhiteFideId "46626786"]
[BlackFideId "14526948"]
[EventDate "2025.11.27"]

1. e4 d6 2. d4 Nf6 3. Nc3 e5 4. Nf3 Nbd7 5. Rg1 c6 6. Be3 Be7 7. a3 Qa5 8. Nd2
b5 9. d5 cxd5 10. exd5 a6 11. g4 h6 12. Qf3 Bb7 13. O-O-O Rc8 14. Nb3 Qc7 15.
Bd3 Bd8 16. h4 e4 17. Bxe4 Ne5 18. Qe2 Qc4 19. Bd3 Nxd3+ 20. Rxd3 O-O 21. Nd2
Qc7 22. Qd1 Nd7 23. g5 Ne5 24. Rd4 hxg5 25. hxg5 f5 26. g6 Ng4 27. Rdxg4 fxg4
28. Qxg4 Qe7 29. Rh1 1-0

[Event "15th London Classic Open"]
[Site "London ENG"]
[Date "2025.11.28"]
[Round "2.5"]
[White "Jumabayev, Rinat"]
[Black "Kovchan, Alexander"]
[Result "1/2-1/2"]
[WhiteTitle "GM"]
[BlackTitle "GM"]
[WhiteElo "2560"]
[BlackElo "2440"]
[WhiteFideId "13702661"]
[BlackFideId "14103052"]
[EventDate "2025.11.27"]

1. Nf3 g6 2. e4 d6 3. d4 Nf6 4. Nc3 Bg7 5. Bg5 h6 6. Be3 O-O 7. h3 e5 8. Qd2
exd4 9. Nxd4 Re8 10. f3 Nc6 11. O-O-O Nxd4 12. Bxd4 a6 13. Be3 Kh7 14. h4 b5 15.
Bd3 b4 16. Ne2 Nd7 17. h5 g5 18. e5+ Kg8 19. exd6 Qf6 20. Bd4 Qxd6 21. Bxg7 Kxg7
22. f4 g4 23. Ng3 Nf6 24. Rhe1 Bd7 25. Qf2 Rxe1 26. Rxe1 Qb6 27. Qd2 Rd8 28. Bf5
Re8 29. Bxd7 Rxe1+ 30. Qxe1 Nxd7 31. b3 Qc5 32. Qd2 Nf6 33. Qd3 Qg1+ 34. Kb2
Qxg2 35. Nf5+ Kh7 36. Qxa6 c6 37. Qb7 Qd5 38. Qe7 1/2-1/2